00533 2200205 4500001002100000005001500021035001900036245007000055100001900125300003800144260003500182082000900217084001500226020002100241990001300262990001300275990001300288990001300301990001300314INLIS00000000000295520260406115205$a 0010-0426000046$a Mengenal Penyakit Kulit Dan Cara Pencegahannya /$c Dian Novitasari$a Dian Novitasari$a 52 hlm : $b ilus ; $c 17.5 x 25 cm$a Tangerang :$b PT Albama,$c 2007$a 616.5$a 616.5 DIA m$a 978-979-18132-3-5$a 3486/2012$a 3487/2012$a 3488/2012$a 3489/2012$a 3490/2012